| Tag |
First Indicator |
Second Indicator |
Subfields |
| LEADER |
00000cam a2200000 a 4500 |
| 001 |
in00000024864 |
| 005 |
20151007054427.0 |
| 008 |
871203s1987 couabf b 00010 eng d |
| 010 |
|
|
|a 87070011
|
| 020 |
|
|
|a 0870811681
|
| 020 |
|
|
|z 087081169X (pbk.)
|
| 035 |
|
|
|a (OCoLC)17167103
|
| 035 |
|
|
|9 AAB5022AM
|
| 040 |
|
|
|a DNN
|c DNN
|d UDI
|d BOS
|d OCL
|d DPL
|d CQA
|d TXA
|d UtOrBLW
|
| 043 |
|
|
|a n-us-co
|
| 049 |
|
|
|a TXAM
|c [A11053013]
|
| 050 |
|
4 |
|a QL719.C6
|b A75 1987
|
| 100 |
1 |
|
|a Armstrong, David Michael,
|d 1944-
|
| 245 |
1 |
0 |
|a Rocky Mountain mammals :
|b a handbook of mammals of Rocky Mountain National Park and vicinity /
|c by David M. Armstrong ; with drawings by Bill Border.
|
| 250 |
|
|
|a Rev. ed.
|
| 264 |
|
1 |
|a [Boulder] :
|b Colorado Associated University Press in cooperation with Rocky Mountain Nature Association,
|c [1987]
|
| 264 |
|
4 |
|c ©1987
|
| 300 |
|
|
|a x, 223 pages, 8 unnumbered pages of plates :
|b illustrations (some color), map ;
|c 21 cm.
|
| 336 |
|
|
|a text
|b txt
|2 rdacontent
|
| 337 |
|
|
|a unmediated
|b n
|2 rdamedia
|
| 338 |
|
|
|a volume
|b nc
|2 rdacarrier
|
| 504 |
|
|
|a Bibliography: pages [215]-223.
|
| 650 |
|
0 |
|a Mammals
|z Colorado
|z Rocky Mountain National Park.
|
| 651 |
|
0 |
|a Rocky Mountain National Park (Colo.)
|
| 710 |
2 |
|
|a Rocky Mountain Nature Association.
|
| 999 |
|
|
|a MARS
|
| 999 |
f |
f |
|s 39109106-ed02-319e-a09a-fd8deffbacd3
|i cd925831-0e41-3318-bff6-f544be56dee1
|t 0
|
| 952 |
f |
f |
|p ric
|a Texas A&M University
|b Rellis Campus
|c Joint Library Facility
|d Remote Storage
|t 0
|e QL719.C6 A75 1987
|h Library of Congress classification
|i unmediated -- volume
|m A14811053013
|
| 998 |
f |
f |
|a QL719.C6 A75 1987
|t 0
|l Remote Storage
|